000 00406nam a2200157Ia 4500
008 160316s1993 xxu||||| |||| 00| 0 eng d
082 _a301.000000
_bDHA
100 _aDhanagare D N
245 _aThemes and perspectives in Indian sociology
250 _a
260 _aNew Delhi
_bRawat Publications
_c1993
300 _a209p
_b
_c
365 _bRs.200/-
650 _a1.Sociology - India
700 _a
_a
999 _c12558
_d12558